Histología vegetal básica / (Record no. 49290)

MARC details
000 -LEADER
campo de control de longitud fija 00612nam a2200181 i 4500
001 - NÚMERO DE CONTROL
campo de control 49290
003 - IDENTIFICADOR DE NÚMERO DE CONTROL
campo de control ES-MaACL
005 - FECHA Y HORA DE LA ÚLTIMA TRANSACCIÓN
campo de control 20230906161923.0
007 - CAMPO FIJO DE DESCRIPCIÓN FÍSICA--INFORMACIÓN GENERAL
campo de control de longitud fija t|
008 - DATOS DE LONGITUD FIJA--INFORMACIÓN GENERAL
campo de control de longitud fija 030711s1980 sp ||||1| spa d
100 1# - ENTRADA PRINCIPAL--NOMBRE DE PERSONA
Nombre de persona Cortés Benavides, Felipe.
9 (RLIN) 40876
245 10 - MENCIÓN DEL TÍTULO
Título Histología vegetal básica /
Mención de responsabilidad, etc. Felipe Cortés Benavides ; ilustraciones, Francisco Marín Bustamante y Carmen Somavilla Molina.
260 ## - PUBLICACIÓN, DISTRIBUCIÓN, ETC.
Lugar de publicación, distribución, etc. Madrid :
Nombre del editor, distribuidor, etc. H. Blume,
Fecha de publicación, distribución, etc. [1980]
300 ## - DESCRIPCIÓN FÍSICA
Extensión 125 p. ;
Dimensiones 26 cm.
700 1# - ENTRADA AGREGADA--NOMBRE PERSONAL
Nombre de persona Marín Bustamante, Francisco.
9 (RLIN) 76774
700 1# - ENTRADA AGREGADA--NOMBRE PERSONAL
Nombre de persona Somavilla Molina, Carmen.
9 (RLIN) 107261
852 ## - LOCALIZACIÓN
Ubicación ES-MaACL
Número de control de estantería L-279
Sublocalización o colección R.100940
Holdings
Estatus retirado Estado de pérdida Estado de daño No para préstamo Biblioteca de origen Biblioteca actual Ubicación en estantería Fecha de adquisición Fuente de adquisición Total de préstamos Signatura topográfica completa Código de barras Visto por última vez Precio de reemplazo Tipo de ítem Koha
        Biblioteca del Ateneo de Madrid Biblioteca del Ateneo de Madrid Depósito 2 17/01/2008     L-279 1051868 23/02/2023 23/02/2023 Libro impreso